Score 0/22 Timer 05:00
0 Plays Today
Phrase Missing Word % Correct
_____ JolieAngelina
97.1%
Yoko _____Ono
94.5%
weeping _____willow
92.1%
_____ quostatus
92.1%
_____ BonaparteNapoleon
91.5%
shiitake _____mushroom
86.1%
marshmallow _____fluff
81.1%
litmus _____test
78.8%
_____ ScoutEagle
77.7%
_____ AminIdi
74.9%
_____ truckpickup
71.4%
Phrase Missing Word % Correct
baseball _____diamond
69.9%
Gilda _____Radner
66.2%
_____ stripcomic
66%
Eastman _____Kodak
65.8%
neutron _____bomb
63.9%
Rosh _____Hashanah
63.9%
_____ 360Xbox
62.8%
Born _____Yesterday
56.3%
_____ AddressGettysburg
53.2%
_____ tenderlegal
47.7%
_____ HavelVaclav
27.5%

Today's Daily Dose

You're not logged in!

Compare scores with friends on all Sporcle quizzes.
OR
Log In

Sporcle TV

Today on Sporcle TV


Watch our educational content, quiz creation guides, and fun videos on Sporcle TV.

Show Comments

Extras

Top Quizzes Today


Score Distribution

Your Account Isn't Verified!

In order to create a playlist on Sporcle, you need to verify the email address you used during registration. Go to your Sporcle Settings to finish the process.

Report this User

Report this user for behavior that violates our Community Guidelines.

Details: